000 00811nab a2200253 u 4500
001 10837
003 HDC
007 cr bn ---aaaaa
008 210201b20120723my ||||| |||| 00| 0 may d
040 _aHDC
245 0 _aMesin maruku, laksa, putu mayam
260 _aKuala Lumpur :
_bUtusan Melayu (M) Bhd.,
_c2012
300 _a1 online resource
336 _atext
_2rdacontent
337 _acomputer
_2rdamedia
338 _aonline resource
_2rdacarrier
650 _aEntrepreneurship
_9209
650 _aSmall business
_9208
710 _aUtusan Malaysia
_eissung body
856 _zRequest full-text at [email protected]
942 _2lcc
942 _cNEWS
942 _kNWSC 003099
999 _c8160
_d8160